| 000 | 00326nam a22001217a 4500 | ||
|---|---|---|---|
| 999 |
_c516866 _d516866 |
||
| 082 | _aAAx54 P152 | ||
| 100 |
_aPandit, M.P. _923585 |
||
| 245 |
_aThe yoga of self-perfection _cby M.P. Pandit |
||
| 260 |
_aPondicherry _bDeepti Publications _c1983 |
||
| 300 | _a308p. | ||
| 650 |
_aPhilosophy, Hindu _923586 |
||
| 650 |
_aYoga _923587 |
||